000 00808cam a22002533a 4500
001 5760
003 PGUSA
005 20140828083124.0
008 040501s2004||||xxu|||||s|||||000 | eng d
040 _aPGUSA
_beng
042 _adc
050 4 _aDT
100 1 _aBurton, Richard Francis,
_cSir,
_d1821-1890
245 1 0 _aTwo Trips to Gorilla Land and the Cataracts of the Congo, Volume 1
_h[electronic resource] /
_cRichard Francis, Burton
260 _bProject Gutenberg,
_c2004
506 _aPublic domain in the USA.
516 _aElectronic text
653 _aEthnology -- Africa, West
653 _aCongo River -- Description and travel
653 _aAfrica, West -- Description and travel
830 0 _aProject Gutenberg
_v5760
856 4 0 _uhttp://www.gutenberg.org/ebooks/5760
942 _cEB
999 _c235088
_d235088